000 01242nam a2200373 i 4500
001 768714001
003 CO-MdFUSB
005 20211105081654.0
007 ta
008 200521t1975 us |||| |||| 00| 0 spa d
020 _a[No incluye ISBN]
040 _aCO-MdFUSB
_bspa
_cCO-MdFUSB
_dCO-MdFUSBC
_erda
041 _aspa
082 _223
_a861
_bN454
100 _aNeruda, Pablo
_d1904-1973
_eautor
245 _aSelected poems
_c/ Pablo Neruda ; editado por Nathaniel Tarn ; Traducido por Anthony Kerrigan
264 1 _aNew York, Estados Unidos :
_bPenguin Books,
_c1975
264 4 _c©1975
300 _c237 páginas ;
_a20 cm
336 _2rdacontent
_atexto
_btxt
337 _2rdamedia
_asin mediación
_bn
338 _2rdacarrier
_avolumen
_bnc
505 _a Veinte poemas de amor - Residencia en la tierra I - Residencia en la tierra II - Tercera Residencia - Canto general
563 _aRústico
650 7 _92265
_aLiteratura hispanoamericana
650 7 _9101
_aPoética
653 _aLiteratura chilena.
653 _aPoesía -- Chile.
700 _95086
_aTarn, Nathaniel,
_eeditor
700 _95087
_aKerrigan, Anthony.
_etraductor
942 _cBK
945 _aDani
999 _c65891
_d65891